| 000 | 00422nam a2200145Ia 4500 | ||
|---|---|---|---|
| 008 | 151015s9999 xx 000 0 und d | ||
| 020 | _a582212758 | ||
| 050 | _aSF75.3T76P38 1990 | ||
| 245 | _aPayne W. J. A. | ||
| 250 | _a_An Introduction to Animal Husbandry in the Tropics (4th ed) | ||
| 300 | _aEngland Longman group 1990 | ||
| 500 | _ainclude Index | ||
| 650 | _a_Husbandy | ||
| 700 | _a^d20110120 11:25:46^okilerai | ||
| 999 |
_c953 _d953 |
||